Municipios de Puerto Rico (con un mapa) - Estadísticas

Estadísticas generales
  • Esta prueba ha sido intentada 46 veces
  • La puntuación promedio es 26 de 78
Respuestas en el mapa
Las respuestas están codificadas por una escala verde-roja en el mapa de la prueba según el % correcto abajo.
 
Estadísticas de respuestas
Municipios % Correcto
San Juan
92%
Bayamón
84%
Carolina
68%
Ponce
68%
Culebra
60%
Vieques
56%
Arecibo
52%
Guaynabo
52%
Aguadilla
48%
Caguas
44%
Humacao
44%
Mayagüez
44%
Rincón
44%
Vega Baja
44%
Aguada
40%
Barceloneta
40%
Cabo Rojo
40%
Camuy
40%
Cayey
40%
Florida
40%
Morovis
40%
Vega Alta
40%
Cataño
36%
Cidra
36%
Fajardo
36%
Las Marías
36%
Naranjito
36%
Toa Alta
36%
Toa Baja
36%
Yauco
36%
Adjuntas
32%
Aguas Buenas
32%
Ceiba
32%
Dorado
32%
Lajas
32%
Las Piedras
32%
Manatí
32%
Moca
32%
Salinas
32%
San Germán
32%
San Sebastián
32%
Coamo
28%
Guánica
28%
Gurabo
28%
Isabela
28%
Juana Díaz
28%
Loiza
28%
Nagüabo
28%
Orocovis
28%
Peñuelas
28%
Quebradillas
28%
Santa Isabel
28%
Yabucoa
28%
Aibonito
24%
Añasco
24%
Ciales
24%
Corozal
24%
Guayama
24%
Jayuya
24%
Juncos
24%
Lares
24%
Luquillo
24%
Río Grande
24%
Sabana Grande
24%
San Lorenzo
24%
Utuado
24%
Comerío
20%
Guayanilla
20%
Hormigueros
20%
Maricao
20%
Maunabo
20%
Arroyo
16%
Barranquitas
16%
Canóvanas
16%
Patillas
16%
Trujillo Alto
16%
Villalba
12%
Haltillo
4%
No se encontraron pruebas coincidentes
Distribución de puntuación
Porcentaje de gente con cada puntuación
Porcentaje por número respondido
Historial de tus puntuaciones
No has intentado esta prueba.